| 000 | 01357cam a22003011i 4500 | ||
|---|---|---|---|
| 003 | SA-RiAUC | ||
| 005 | 20251119134806.0 | ||
| 008 | 251118s1997 jo g 000u0 ara c | ||
| 040 |
_aSA-JeALM _bara _cSA-RiAUC _erda |
||
| 041 | 0 |
_aara _aeng |
|
| 043 | _aa-jo--- | ||
| 050 | 4 | _bT37 1997 | |
| 082 | 0 | 4 |
_a953.00609568 _qSA-RiAUC |
| 090 |
_a953.00609568 _bم ج م |
||
| 110 | 2 |
_aالمجمع الملكي لبحوث الحضارة الإسلامية _eمؤلف. |
|
| 245 | 1 | 0 |
_aتعريف عام / _cمؤسسة آل البيت، المجمع الملكي لبحوث الحضارة الإسلامية. |
| 264 | 1 |
_aعمان، الأردن : _bالمجمع الملكي لبحوث الحضارة الإسلامية، مؤسسة آل البيت، _c1997 |
|
| 300 |
_a64، 54 صفحة؛ _c22 سم. |
||
| 336 |
_aنص _btxt _2rdacontent _3كتاب |
||
| 337 |
_aبدون وسيط _bn _2rdamedia |
||
| 338 |
_aمجلد _bnc _2rdacarrier |
||
| 546 | _aالنص باللغتين العربية والإنجليزية. | ||
| 610 | 2 | 7 |
_aالمجمع الملكي لبحوث الحضارة الإسلامية _2aucnm |
| 650 | 7 |
_aالمؤسسات الدينية _zالأردن _2aucsh |
|
| 650 | 7 |
_aالحضارة الإسلامية _zالأردن _xجمعيات، إلخ. _2aucsh |
|
| 942 |
_2ddc _cBOOK _n0 |
||
| 949 |
_aSA-JeALM _d251118 _umohamedma123 _n1 |
||
| 999 |
_c13354 _d13354 |
||